|
|
|
|
| LEADER |
00000naa2a2200000 4500 |
| 001 |
400104 |
| 005 |
20231101065336.0 |
| 035 |
|
|
|a (RuTPU)RU\TPU\prd\42134
|
| 035 |
|
|
|a RU\TPU\prd\34919
|
| 090 |
|
|
|a 400104
|
| 100 |
|
|
|a 20060322a2002 k y0rusy50 ca
|
| 101 |
0 |
|
|a rus
|
| 102 |
|
|
|a RU
|
| 200 |
1 |
|
|a Задачи библиотечной статистики на современном этапе
|f А. И. Вислый
|
| 225 |
1 |
|
|a Теория и практика: точки пересечения
|
| 461 |
|
0 |
|0 (RuTPU)RU\TPU\prd\7961
|t Библиотечное дело - XXI век
|o приложение к журналу "Библиотековедение"
|o научно-практический сборник
|d 2002-
|
| 463 |
|
0 |
|0 (RuTPU)RU\TPU\prd\10668
|t № 3
|v С. 5-10
|d 2002
|
| 610 |
1 |
|
|a библиотечная статистика
|
| 610 |
1 |
|
|a задачи
|
| 610 |
1 |
|
|a современный этап
|
| 610 |
1 |
|
|a фонды
|
| 610 |
1 |
|
|a показатели
|
| 700 |
|
1 |
|a Вислый
|b А. И.
|g Александр Иванович
|
| 801 |
|
1 |
|a RU
|b 63413507
|c 20050414
|g PSBO
|
| 801 |
|
2 |
|a RU
|b 63413507
|c 20060322
|g PSBO
|
| 942 |
|
|
|c BK
|